History Quiz

Random History or Year Quiz
Score 0/20 Timer 05:00
3 Plays Today
Date Answer % Correct
August 28Martin Luther King, Jr
91.4%
November 22Dallas
90.6%
June 16U.S.S.R.
90.2%
March 21Alcatraz
89.4%
March 22The Beatles
88.4%
January 12Cleopatra
88.4%
October 9United Kingdom
73.7%
November 23Doctor Who
73.5%
January 14Alabama
71.7%
January 31Donny Osmond
62.4%
Date Answer % Correct
January 22West Germany
62.2%
November 22Aldous Huxley
59.7%
March 11Charles de Gaulle
58.8%
November 10Malcolm X
58.2%
September 17The Fugitive
57.2%
December 12Kenya
46.1%
December 8Frank Sinatra
36.7%
March 5Patsy Cline
29.5%
February 25The Feminine Mystique
27.8%
June 21Pope Paul VI
19.5%
Remove Ads.
Support Sporcle.
Get the best of Sporcle when you Go Orange. This ad-free experience offers more features, more stats, and more fun while also helping to support Sporcle. Thank you for becoming a member.

You're not logged in!

Compare scores with friends on all Sporcle quizzes.
OR
Log In

Show Comments

Extras

Top Quizzes Today


Score Distribution

Your Account Isn't Verified!

In order to create a playlist on Sporcle, you need to verify the email address you used during registration. Go to your Sporcle Settings to finish the process.

Report this User

Report this user for behavior that violates our Community Guidelines.

Details: